01315nac a22003617a 4500001001000000003000900010005001700019008003400036040005400070072000800124090001900132100001700151100002000168110008000188245006400268246006300332260003600395300001000431490011900441500002300560650001000583650002400593650001300617650002100630650001500651650001400666650002100680650002300701909004700724942001700771999001900788952014600807BR8800947BR-BrBNA20240105120715.0230509b bl.|||m| |||| 00| 0 por d aBR-BrBNAbporcBiblioteca Nacional de Agricultura aH20 a0180 BR88009471 aSonego, O.R.1 aMoraes, A.G. de1 aUnidade de Execucao de Pesquisa de Ambito Estadual de Dourados, MS (Brasil)1 aControle quimico das doencas do trigo no Mato Grosso do Sul1 a[Chemical control of wheat diseases in Mato Grosso do Sul]3 aDourados, MS (Brasil): c1986.  a32 p. aCircular Tecnica - Unidade de Execucao de Pesquisa de Ambito Estadual de Dourados (Brazil)vno. 14xISSN 0100-6865 a14 tables; 10 ref. aTRIGO aFERRUGEM ALARANJADA aFERRUGEM aHELMINTOSPORIOSE aBACTERIOSE aFUNGICIDA aCONTROLE QUIMICO aMATO GROSSO DO SUL a202312bLúcia Elandec55dLúcia Elande 2AGRISn0cMS c281001d281001 002AGRIS40708Acervo Gerala41918b41918cAGROBASEl0o0180 BR8800947p0180 BR8800947r2023-12-18yMSePortaria Interministerial nº 164/94